Punt lila : xarxa de punts lila : recomanacions d'actuació recomanacions d'actuació
Descripción Física:
1 díptic ; il. col. ; 21 x 10 cm
Idioma:
Catalán
MARC
| LEADER | 00000nam a22000007a 4500 | ||
|---|---|---|---|
| 001 | 29338 | ||
| 003 | AGDB | ||
| 005 | 20260324181547.0 | ||
| 008 | 260205b spa||||| |||| 00| 0 cat d | ||
| 017 | |a B 15564-2025 | ||
| 040 | |a agdb |b cat | ||
| 245 | |a Punt lila : xarxa de punts lila : |b recomanacions d'actuació | ||
| 260 | |a Barcelona : |b Ajuntament de Sant Feliu de Llobregat : |b Diputació de Barcelona, |c 2025 | ||
| 300 | |a 1 díptic ; |b il. col. ; |c 21 x 10 cm | ||
| 650 | 0 | |9 8867 |a Dones |x Assistència institucional | |
| 650 | 0 | |9 42204 |a Violència envers les dones | |
| 655 | 0 | |a Fulletons |9 55858 | |
| 710 | 1 | |a Barcelona (Catalunya : Província). |b Diputació |9 52408 | |
| 710 | 1 | |a Sant Feliu de Llobregat (Catalunya). |b Ajuntament |9 53339 | |
| 942 | |c ARXIU |n 1 |2 udc | ||
| 952 | |0 0 |1 0 |2 udc |4 0 |6 FU7926 |7 1 |9 99098 |a Arxiu |b Arxiu |d 2026-02-05 |l 0 |o FU-79-26 |p 29338 |r 2026-02-05 13:39:28 |w 2026-02-05 |y ARXIU | ||
| 999 | |c 130753 |d 130753 | ||